000 00813nam a2200241Ia 4500
003 OSt
005 20220923210956.0
006 a|||||r|||| 00| 0
007 ta
008 220922b |||||||| |||| 00| 0 pan d
020 _a813020066x (hbk)
_c120
024 _a243,556
037 _b248, 08/10/2010, H.K. Prakashan
_cTextual
040 _aARTS
_cARTS
_bpan
041 _2pan
_apan
082 _aO153,2N38w, P6
100 _aਸਿੱਧੂ, ਚਰਨਦਾਸ
_9156318
245 0 _aਸਾਹਿਤਿਕ ਸੈ-ਜੀਵਨੀ
260 _aਪਟਿਆਲਾ
_b ਪੰਜਾਬੀ ਯੂਨੀਵਰਸਿਟੀ
_c2006
300 _a108ਪੰ
_ccm.
942 _hO153,2N38w, P6
_cTEXL
_2CC
999 _c293397
_d293397